000 00279nam a2200121Ia 4500
008 240624s9999 xx 000 0 und d
041 _aeng
082 _a332.456 SHA
100 _aSHAH PARESH
245 _aFOREX MANAGEMENT
260 _c2015
_aNew Delhi
_bWiley
365 _cRS
_b33
999 _c26465
_d26465